| 000 | 00858nam a22002177a 4500 | ||
|---|---|---|---|
| 999 |
_c9902 _d9902 |
||
| 003 | AR-CdUCM | ||
| 008 | 190328b ||||| |||| 00| 0 spa d | ||
| 040 |
_aMUNICIPALIDAD PROVINCIAL DEL CUSCO _cBIBLIOTECA MUNICIPAL DEL CUSCO |
||
| 041 | _hfre | ||
| 082 |
_22ed. _a635 / _bY95 / 1872 |
||
| 100 |
_aYsabeau, Por _926434 |
||
| 245 |
_aEl jardinero de los salones : _bó arte de cultivar las flores en las habitaciones, en las ventanas y en los balcones / |
||
| 260 |
_aMadrid : _bBailly - bailliere, _c1872. |
||
| 300 |
_a168 páginas ; _c18 cm. |
||
| 505 | _aContenido: El jardín en la habitación -- El jardín sobre la chimenea -- El jardín en gradería -- El jardín en la jardinería ... | ||
| 650 |
_aArte de cultivar flores _926435 |
||
| 650 |
_aJardinería _919750 |
||
| 700 |
_aBrun y Pages, José _926436 |
||
| 942 |
_2ddc _cLIBROS |
||
| 945 | _awnts | ||